000 00571nam a2200169 4500
008 b xx# ara u
040 _aLB-BrCRDP
082 1 _a373 SCI
_bCON
245 1 0 _aمستقبل تعليم العلوم والرياضيات وحاجات المجتمع العربي
_bCongrés Scientifique
300 _a594 p.
_c30 cm
500 _aSommaire.
650 4 _aEnseignement scientifique
650 4 _aEnseignement des mathématiques
650 4 _aEnseignement secondaire
942 _cBK
999 _c4243
_d4243